000 00298nam a22001217a 4500
082 _a621.564 WOO'H
100 _aWOOLRICK, W.R
_956662
245 _aHANDBOOK OF REFRIGERATING ENGINEERING VOLUME 1 FUNDAMENTALS
250 _a4TH
260 _aLONDON
_bAVI
_c1965
300 _aIX, 447P
942 _cBK
999 _c567034
_d567034